000 00407nam a2200181Ia 4500
005 20250423094940.0
008 250422s9999 xx 000 0 und d
020 _a9757388483
050 _aPR 9387 .G55/
100 _aGulen, M. F.
245 0 _aCriteria or lights of the way
250 _a2nd ed.
260 _aKonak- Izmir
260 _bkaynak
260 _c1998
300 _a99 p
942 _cBK
999 _c28778
_d28778